AnnaSophia Robb Movies by Picture - Statistics

General Stats
  • This quiz has been taken 27 times
  • The average score is 4 of 16
Answer Stats
Picture Answer % Correct
Charlie and the Chocolate Factory
92%
Bridge to Terabithia
63%
Because of Winn-Dixie
38%
Soul Surfer
38%
Race to Witch Mountain
25%
The Way, Way Back
21%
Spy School
17%
Rebel Ridge
13%
Words on Bathroom Walls
13%
Down a Dark Hall
8%
Freak Show
8%
Jack of the Red Hearts
8%
Jumper
8%
Sleepwalking
8%
The Reaping
8%
The Space Between
8%
No matching quizzes found
Score Distribution
Percent of People with Each Score
Percentile by Number Answered
Your Score History
You have not taken this quiz